010040000a22002290004500090001400000245016300014650002000177650002400197650002900221650003200250650003800282650003300320651003300353653002900386041001300415700002600428100003200454942001300486773008400499999001700583952017400600 aARb0310410aAssociation between latitudinal variation for embryonic development time and Chromosome structure in the grasshopper Caledia captiva ()14aInsectos99262214aEntomología9448314aDesarrollo animal99482014aSistemática animal99296814aDistribución latitudinal99606914aAnálisis genético975159 4dQueenslandpAustralia992749 gCalediaeCaledia captiva0 aInglés1 aShaw, David D.9967091 aGroeters, Francis R.996710 cARTICULO1 tEvolution: International Journal of Organic Evolution311h1q245-257d1992g46 c12159d12159 001040718HEMEROTECAaBogotabBogotad2015-02-27ePrieto, AdrianahFuera de circulaciónl0oAR 03104p013475r2015-03-25 00:00:00t1w2015-03-25xEntregadoyARTICULO